| 000 | 00727pam a22002537a 4500 | ||
|---|---|---|---|
| 001 | 13437794 | ||
| 005 | 20180226033822.0 | ||
| 008 | 031218r20031996onca 001 0 eng | ||
| 010 | _a 2003284196 | ||
| 016 | _a20029057418 | ||
| 020 | _a1552977900 | ||
| 035 | _a(OCoLC)ocm51086767 | ||
| 040 |
_aNLC _beng _cNLC _dDLC |
||
| 041 | _aeng | ||
| 042 | _alccopycat | ||
| 080 | _a613.71 CHR | ||
| 082 | 0 | 4 |
_a613.71 CHR _221 |
| 100 | 1 | _a4 | |
| 101 | _aSHMK | ||
| 245 | 1 | 0 |
_aStretch plan : _cChrissie Gallagher-Mundy. |
| 906 |
_a7 _bcbc _ccopycat _d2 _encip _f20 _gy-gencatlg |
||
| 942 |
_2ddc _cBK |
||
| 999 |
_c43395 _d43395 |
||